BIBLIOGRAFIA brasileira de literatura infantil e juvenil (Record no. 143943)
[ view plain ]
| 000 -LÍDER | |
|---|---|
| campo de controle de tamanho fixo | 00581 a2200169 4500 |
| 001 - NÚMERO DE CONTROLE | |
| campo de controle | 143943 |
| 040 ## - FONTE DA CATALOGAÇÃO | |
| Instituição que transcreveu o registro | Leonardo Da Vinci |
| 041 ## - CÓDIGO DE IDIOMA | |
| Código do idioma do texto/trilha sonora ou título diferente | Português |
| 082 ## - CDD - CLASSIFICAÇÃO DECIMAL DE DEWEY | |
| Número de Classificação | r011.6 B477b |
| Número do exemplar | B477b |
| 245 ## - TÍTULO | |
| Título | BIBLIOGRAFIA brasileira de literatura infantil e juvenil |
| 250 ## - EDIÇÃO | |
| Edição | v.13 |
| 260 ## - PUBLICAÇÃO, DISTRIBUIÇÃO, ETC. | |
| Nome do editor, distribuidor, etc. | Seção de Bibliografia e Documentação da Biblioteca Infanto-Juvenil<br/>Monteiro Lobato |
| Data da publicação, distribuição, etc. | 2005 |
| Local de publicação, distribuição, etc. | São Paulo |
| 362 ## - DATAS DE PUBLICAÇÃO E/OU DESIGNAÇÃO SEQUENCIAL | |
| Datas de publicação e/ou designação sequencial | 20050000 |
| 500 ## - NOTA GERAL | |
| Nota geral | Continuação de: Bibliografia de literatura infantil em Língua<br/>Portuguesa |
| 697 ## - ENTRADA DE ASSUNTO LOCAL--ENTIDADE COLETIVA (RLIN) | |
| Nome corporativo ou nome da jurisdição | Bibliografia |
| -- | Literatura Infanto-Juvenil |
| 942 ## - ELEMENTOS DE ENTRADA ADICIONADOS (KOHA) | |
| Tipo de material Koha | Livros |
| Situação do descarte | Situação das perdas | Situação física | Não pode ser emprestado | Biblioteca de origem | Biblioteca atual | Data de aquisição | Total de empréstimos | Número de chamada completo | Código de barras | Data de último acesso | Data do preço efetivo | Tipo de material Koha |
|---|---|---|---|---|---|---|---|---|---|---|---|---|
| Leonardo Da Vinci - Osasco | Leonardo Da Vinci - Osasco | 27/03/2024 | r011.6 B477b | O012013 | 27/03/2024 | 27/03/2024 | Livros |